000
00302nam a2200109Ia 4500
008
220120s9999||||xx |||||||||||||| ||und||
100
_a
Murthy, Trymbaka, S
245
0
_a
Text book of mechanical engineering
260
_a
IK international
_b
New Delhi
_c
2007
300
_a
XX,377p
_b
0
650
_a
HUMANITIES
999
_c
132393
_d
132393